| 000 | 00533nam a2200205Ia 4500 | ||
|---|---|---|---|
| 003 | IIN | ||
| 005 | 20251029155804.0 | ||
| 008 | 231217s9999 xx 000 0 und d | ||
| 020 |
_cRs.500.00 _a9789385274244 |
||
| 040 |
_aIIN _bEnglish |
||
| 082 |
_a611 _bDAT |
||
| 100 | 1 | _aDatta, A. K. | |
| 245 | 1 |
_aEssentials of Human Anatomy / _cA. K. Datta |
|
| 250 | _a6th ed | ||
| 260 |
_aKolkata : _bCurrent Book International, _c2017 |
||
| 300 | _a[3], 4-298 p. | ||
| 440 |
_aHead & Neck _vV.2 |
||
| 650 | 1 |
_aAnatomy _vHuman |
|
| 942 | _cBOOK | ||
| 999 |
_c311 _d311 |
||